Gastgeber der Olympischen Spiele - Statistiken

Allgemein
  • Dieses Quiz wurde 160 mal gespielt
  • Das Durchschnittsergebnis liegt bei 22 aus 24
Antwortstatistiken
# Land % Korrekt
4 Japan
99%
2 China
98%
6 Frankreich
98%
9 Vereinigte Staaten
98%
1 Brasilien
97%
3 Deutschland
97%
3 Australien
96%
4 Italien
96%
1 Russland
96%
1 Spanien
96%
3 Vereinigtes Königreich
96%
3 Kanada
95%
1 Mexiko
93%
1 Schweden
93%
2 Norwegen
92%
1 Finnland
90%
2 Griechenland
90%
2 Südkorea
90%
2 Österreich
87%
2 Schweiz
87%
1 Belgien
78%
1 Niederlande
77%
1 Sowjetunion
67%
1 Jugoslawien
61%
Keine übereinstimmenden Quizze gefunden
Verteilung der Resultate
Anzahl Personen mit jedem Resultat
Perzentil nach korrekt beantworteten Fragen
Ihre Resultats-Entwicklung
Sie haben dieses Quiz noch nicht gespielt